| 000 | 00909nam a2200265Ia 4500 | ||
|---|---|---|---|
| 003 | OSt | ||
| 005 | 20220918110711.0 | ||
| 006 | a|||||r|||| 00| 0 | ||
| 007 | ta | ||
| 008 | 220915b |||||||| |||| 00| 0 san d | ||
| 020 |
_a9789380864990 (hbk) _c800 |
||
| 024 | _a1,210 | ||
| 037 |
_b54, 12/06/2012, Eastern Book Linkers _cReference Collections |
||
| 040 |
_aARTS _cARTS _bsan |
||
| 041 |
_2san _asan |
||
| 082 | _aP15:4k, Q1(RR) | ||
| 100 | _aभटृ मल्ल | ||
| 245 | 0 | _aआख्यातचन्दिªका | |
| 246 | _aĀkhyātachandiªkā | ||
| 260 |
_aकेरल _bचिनमया इन्टरनैशनल भारत _c2011 |
||
| 300 | _a518पृ. | ||
| 650 |
_aहिन्दी भाषा _9232 |
||
| 942 |
_hP15:4k, Q1(RR) _cREF |
||
| 999 |
_c114133 _d114133 |
||